Statistics for NFL Stadiums

Click here to take the quiz!

General Stats

  • This quiz has been taken 29 times
  • The average score is 17 of 32

Answer Stats

TeamStadium% Correct
CowboysAT&T Stadium
82%
SaintsMercedes-Benz Superdome
82%
PatriotsGillette Stadium
77%
JetsMetlife Stadium
77%
GiantsMetlife Stadium
77%
BearsSoldier Field
77%
LionsFord Field
73%
DolphinsHard Rock Stadium
68%
PackersLambeau Field
68%
ChiefsArrowhead Stadium
64%
BroncosEmpower Field at Mile High
64%
EaglesLincoln Financial Field
64%
TexansNRG Stadium
59%
BuccaneersRaymond James Stadium
59%
SteelersHeinz Field
55%
49ersLevi's Stadium
50%
ColtsLucas Oil Stadium
50%
FalconsMercedes-Benz Stadium
50%
RamsSoFi Stadium
50%
ChargersSoFi Stadium
50%
TitansNissan Stadium
45%
PanthersBank of America Stadium
41%
BrownsFirst Energy Stadium
41%
BengalsPaul Brown Stadium
41%
SeahawksCenturyLink Field
36%
RedskinsFedEx Field
36%
RavensM&T Bank Stadium
36%
VikingsU.S. Bank Stadium
36%
BillsNew Era Field
27%
JaguarsTIAA Bank Stadium
27%
RaidersAllegiant Stadium
23%
CardinalsState Farm Stadium
23%

Score Distribution

Percentile by Number Answered

Percent of People with Each Score

Your Score History

You have not taken this quiz